Disney Characters beginning with P - Statistics

General Stats
  • This quiz has been taken 8 times
  • The average score is 12 of 64
Answer Stats
Answer % Correct
Perdita
75%
Pete
75%
Peter Pan
75%
Pinocchio
75%
Pongo
75%
Prince Charming
75%
Princess
75%
Pumbaa
75%
Pascal
50%
Patch
50%
Peg
50%
Pegasus
50%
Piglet
50%
Pluto
50%
Pocahontas
50%
Prince John
50%
Prince Naveen
50%
Prince Phillip
50%
Pain and Panic
25%
Prince Eric
25%
Prince Hans
25%
Pacha
0%
Panchito Pistoles
0%
Pearl Gesner
0%
Peg Pete
0%
Penguin Waiters
0%
Penny (Bolt)
0%
Penny's Mom
0%
Penny the Dalmatian
0%
Penny (The Rescuers)
0%
Pepper Ann Pearson
0%
Peppo the Italian Cat
0%
Percival C McLeach
0%
Percy
0%
Periwinkle
0%
Pete Junior
0%
Peter Pig
0%
Philippe the Horse
0%
Philoctetes
0%
Pip
0%
Pistol Pete
0%
Plio
0%
Poe De Spell
0%
Pom-Pom
0%
Powerline
0%
Practical Pig
0%
Preston B Whitmore
0%
Pretty Boy
0%
Prince Edward
0%
Prince James
0%
Princess Amber
0%
Princess Eilonwy
0%
Princess Jasmine
0%
Princess Kidagakash
0%
Principal Mazur
0%
Prissy the Elephant
0%
Professor Norton Nimnul
0%
Professor Ratigan
0%
Pronk Oryx-Antlerson
0%
Prudence
0%
Psycho the Weasel
0%
Pua
0%
The Phantom Blot
0%
The Prince
0%
No matching quizzes found
Score Distribution
Percent of People with Each Score
Percentile by Number Answered
Your Score History
You have not taken this quiz